| 000 | 01084nam a2200289 i 4500 | ||
|---|---|---|---|
| 003 | IT-RoINE | ||
| 005 | 20220325062541.0 | ||
| 008 | 930317s2004 sp r 1|1 0 spa d | ||
| 020 | _a847914078X | ||
| 040 |
_aSpMaBN _bspa _cSpMaBN IT-RoINE _erdc _dIT-RoINE |
||
| 041 | 1 |
_aspa _alat |
|
| 111 | 2 |
_aConcilio Vaticano _n(2º. _d1962-1965) _93670 |
|
| 245 | 1 | 0 |
_aConcilio Ecuménico Vaticano II : _bconstituciones, decretos, declaraciones / _cpresentación de Ángel Suquía Goicoechea. |
| 250 |
_aEd. bilingüe / _bpatrocinada por la Conferencia Episcopal Española |
||
| 260 |
_aMadrid : _bBiblioteca de Autores Cristianos, _c2004. |
||
| 300 |
_aXL, 1295 p. ; _c20 cm. |
||
| 336 |
_2rdacontent _atext |
||
| 337 |
_2rdamedia _aunmediated |
||
| 338 |
_2rdacarrier _avolume |
||
| 490 | 1 |
_aBiblioteca de Autores Cristianos ; _v526 |
|
| 500 | _aIncluye índices. | ||
| 500 | _aIncluye apéndices. | ||
| 546 | _a Textos en español y latín. | ||
| 700 | 1 |
_91941 _aSuquía Goicoechea, Ángel, _cCardenal, _d1916-2006 |
|
| 830 | 0 |
_9843 _aBiblioteca de Autores Cristianos ; _v526 |
|
| 942 | _cMTS | ||
| 999 |
_c9793 _d9793 |
||